<?xml version="1.0" encoding="UTF-8"?>
<record
    xmlns:xsi="http://www.w3.org/2001/XMLSchema-instance"
    xsi:schemaLocation="http://www.loc.gov/MARC21/slim http://www.loc.gov/standards/marcxml/schema/MARC21slim.xsd"
    xmlns="http://www.loc.gov/MARC21/slim">

  <leader>02140nam a2200289 i 4500</leader>
  <controlfield tag="001">on1294286011</controlfield>
  <controlfield tag="003">OCoLC</controlfield>
  <controlfield tag="005">20251022142534.0</controlfield>
  <controlfield tag="008">220131s2022    enka     b    001 0 eng d</controlfield>
  <datafield tag="020" ind1=" " ind2=" ">
    <subfield code="a">9781399404136</subfield>
  </datafield>
  <datafield tag="035" ind1=" " ind2=" ">
    <subfield code="a">(OCoLC)1294286011</subfield>
    <subfield code="z">(OCoLC)1294137106</subfield>
    <subfield code="z">(OCoLC)1294218054</subfield>
  </datafield>
  <datafield tag="040" ind1=" " ind2=" ">
    <subfield code="a">YDX</subfield>
    <subfield code="b">eng</subfield>
    <subfield code="e">rda</subfield>
    <subfield code="c">YDX</subfield>
    <subfield code="d">UKMGB</subfield>
    <subfield code="d">OCLCF</subfield>
    <subfield code="d">CLE</subfield>
    <subfield code="d">GO4</subfield>
    <subfield code="d">CLE</subfield>
    <subfield code="d">IMF</subfield>
    <subfield code="d">UOH</subfield>
  </datafield>
  <datafield tag="041" ind1=" " ind2=" ">
    <subfield code="a">eng</subfield>
  </datafield>
  <datafield tag="050" ind1=" " ind2="4">
    <subfield code="a">HD58.6</subfield>
    <subfield code="b">.N334 2022</subfield>
  </datafield>
  <datafield tag="110" ind1=" " ind2=" ">
    <subfield code="a">Bloomsbury (Firm)</subfield>
    <subfield code="e">publisher</subfield>
    <subfield code="9">26264</subfield>
  </datafield>
  <datafield tag="245" ind1="0" ind2="0">
    <subfield code="a">Negotiate successfully</subfield>
    <subfield code="b">: how to find win-win situations and still get what you need.</subfield>
  </datafield>
  <datafield tag="250" ind1=" " ind2=" ">
    <subfield code="a">Revised and updated edition.</subfield>
  </datafield>
  <datafield tag="260" ind1=" " ind2=" ">
    <subfield code="a">London :</subfield>
    <subfield code="b">Bloomsbury Business :</subfield>
    <subfield code="b">Bloomsbury Publishing Plc.,</subfield>
    <subfield code="c">2022.</subfield>
  </datafield>
  <datafield tag="300" ind1=" " ind2=" ">
    <subfield code="a">96 pages :</subfield>
    <subfield code="b">illustrations ;</subfield>
    <subfield code="c">18 cm.</subfield>
  </datafield>
  <datafield tag="490" ind1=" " ind2=" ">
    <subfield code="a">Business essentials series.</subfield>
  </datafield>
  <datafield tag="500" ind1=" " ind2=" ">
    <subfield code="a">First published in Great Britain in 2004 by A&amp;C Black.</subfield>
  </datafield>
  <datafield tag="504" ind1=" " ind2=" ">
    <subfield code="a">Includes bibliographical references (pages 91-[94]) and index.</subfield>
  </datafield>
  <datafield tag="505" ind1="0" ind2=" ">
    <subfield code="a">Developing negotiating skills &#x2014; Using non-verbal communication &#x2014; Planning your negotiation &#x2014; Coping in difficult negotiations &#x2014; Negotiating by email &#x2014; Negotiating with people from other cultures &#x2014; Negotiating the pay rise you deserve.</subfield>
  </datafield>
  <datafield tag="520" ind1=" " ind2=" ">
    <subfield code="a">A clear explanation of the art of negotiation, with practical advice on how to prepare, how to keep cool under pressure, and how body language can be used to your advantage. All of us negotiate every day in different ways--whether that's in a work setting, using professional partners, or even at home. But for many people it's a nerve-wracking experience that leaves them feeling awkward, tongue-tied and at a disadvantage. This book will explain the dynamics of a successful negotiation, allowing you to understand the full process and apply the guidance to your own situations. It will help you to build your confidence and allow you to find the results that are right for you, with practical advice on the basic principles of negotiation, how to prepare, how to keep cool under pressure, and how to understand and use body language to achieve your goals.</subfield>
  </datafield>
  <datafield tag="650" ind1=" " ind2="0">
    <subfield code="a">Negotiation in business</subfield>
    <subfield code="9">27</subfield>
  </datafield>
  <datafield tag="942" ind1=" " ind2=" ">
    <subfield code="2">lcc</subfield>
  </datafield>
  <datafield tag="952" ind1=" " ind2=" ">
    <subfield code="0">0</subfield>
    <subfield code="1">0</subfield>
    <subfield code="2">lcc</subfield>
    <subfield code="4">0</subfield>
    <subfield code="7">0</subfield>
    <subfield code="a">TBS</subfield>
    <subfield code="b">TBS</subfield>
    <subfield code="d">2025-10-22</subfield>
    <subfield code="l">0</subfield>
    <subfield code="o">HD58.6 BLO</subfield>
    <subfield code="p">B05716</subfield>
    <subfield code="r">2025-10-22</subfield>
    <subfield code="t">1</subfield>
    <subfield code="w">2025-10-22</subfield>
    <subfield code="y">1</subfield>
    <subfield code="z">WELL COLLECTION</subfield>
  </datafield>
  <datafield tag="999" ind1=" " ind2=" ">
    <subfield code="c">5079</subfield>
    <subfield code="d">5079</subfield>
  </datafield>
</record>
